[Event "Allauch op 5th"]
[Site "Allauch"]
[Date "2023.08.30"]
[Round "5"]
[White "Hoang Villemagne, Mathieu"]
[Black "Negre Albert, Oscar"]
[Result "1-0"]
[WhiteElo "1350"]
[BlackElo "1296"]
[PlyCount "67"]
[EventDate "2023.08.28"]
[EventType "swiss"]
[EventRounds "9"]
[EventCountry "FRA"]
[SourceTitle "EXT 2024"]
[Source "ChessBase"]
[SourceDate "2023.10.10"]
[SourceVersion "1"]
[SourceVersionDate "2023.10.10"]
[SourceQuality "1"]

1. e4 e5 2. Nf3 Nc6 3. Bc4 Bc5 4. c3 Nf6 5. d3 h6 6. 0-0 d6 7. a4 a5 8. d4 Bb6 9. Qb3 0-0 10. Nh4 Ne7 11. dxe5 dxe5 12. Nd2 Bg4 13. Qc2 Qd6 14. b4 axb4 15. cxb4 Rad8 16. Ra2 Kh8 17. Ba3 Qd7 18. b5 Be6 19. Ndf3 Bd4 20. Bxe6 Qxe6 21. Nf5 Rfe8 22. Nxe7 Rxe7 23. Bxe7 Qxe7 24. a5 Ng4 25. h3 Nf6 26. Ra4 Qe8 27. Qxc7 Nxe4 28. Nxd4 exd4 29. Re1 Rd7 30. Rxe4 Qxe4 31. Qxd7 Qe1+ 32. Kh2 Qxf2 33. Qd8+ Kh7 34. Qxd4 1-0

[Event "Allauch op 5th"]
[Site "Allauch"]
[Date "2023.08.29"]
[Round "3"]
[White "Carissan, Matteo"]
[Black "Negre Albert, Oscar"]
[Result "0-1"]
[WhiteElo "1440"]
[BlackElo "1296"]
[PlyCount "110"]
[EventDate "2023.08.28"]
[EventType "swiss"]
[EventRounds "9"]
[EventCountry "FRA"]
[SourceTitle "EXT 2024"]
[Source "ChessBase"]
[SourceDate "2023.10.10"]
[SourceVersion "1"]
[SourceVersionDate "2023.10.10"]
[SourceQuality "1"]

1. e4 c5 2. Nc3 Nc6 3. g3 g6 4. Bg2 Bg7 5. d3 Nf6 6. f4 e5 7. Nf3 d5 8. fxe5 Ng4 9. Nxd5 Ngxe5 10. 0-0 0-0 11. Nxe5 Nxe5 12. Be3 b6 13. Qc1 Ng4 14. Bg5 Bd4+ 15. Kh1 f6 16. Be3 Nxe3 17. Nxe3 Bb7 18. c3 Be5 19. Qc2 Qc7 20. Rac1 Rad8 21. Rfd1 Qf7 22. Qa4 Bc8 23. d4 cxd4 24. cxd4 Bb8 25. Bf1 Qe7 26. d5 Bd7 27. Qc4 Rc8 28. d6+ Qe6 29. Qxe6+ Bxe6 30. Bc4 Bxc4 31. Rxc4 Rcd8 32. Rcd4 Rd7 33. Ng4 h5 34. e5 hxg4 35. e6 Rxd6 36. Rxd6 Bxd6 37. Rxd6 Re8 38. Kg1 Kf8 39. Kf2 Ke7 40. Rd7+ Kxe6 41. Rxa7 Kd5 42. Rb7 Re6 43. Rc7 Kd4 44. Rd7+ Kc4 45. Rd2 b5 46. Re2 Re5 47. Rxe5 fxe5 48. Ke3 Kd5 49. Kd3 e4+ 50. Ke3 g5 51. Kd2 Kd4 52. Ke2 e3 53. b3 b4 54. Ke1 Kd3 55. a4 bxa3 0-1

[Event "Salon de Provence op"]
[Site "Salon de Provence"]
[Date "2023.07.21"]
[Round "9.8"]
[White "Colandrea, Sauveur"]
[Black "Negre Albert, Oscar"]
[Result "1-0"]
[WhiteElo "1540"]
[BlackElo "1284"]
[PlyCount "59"]
[EventDate "2023.07.08"]
[EventType "swiss"]
[EventRounds "9"]
[EventCountry "FRA"]
[SourceTitle "EXT 2024"]
[Source "ChessBase"]
[SourceDate "2023.10.10"]
[SourceVersion "1"]
[SourceVersionDate "2023.10.10"]
[SourceQuality "1"]

1. Nf3 d5 2. c4 d4 3. g3 g6 4. Bg2 Bg7 5. 0-0 Nf6 6. b4 0-0 7. Bb2 d3 8. exd3 Qxd3 9. Ne5 Qd8 10. d4 Nbd7 11. Nf3 Nb6 12. Qe2 c6 13. Nbd2 Bg4 14. Rac1 a5 15. c5 Nbd5 16. b5 Re8 17. Qc4 Bh6 18. Rce1 Be6 19. Qa4 cxb5 20. Qxb5 Bd7 21. Qe2 b6 22. Ne5 Bc8 23. Ndc4 bxc5 24. dxc5 Qc7 25. Nxf7 Kxf7 26. Bxf6 Bb7 27. Bd4 Nf6 28. Qe6+ Kg7 29. c6 Bc8 30. Bxf6+ 1-0